| 000 | 00375nam a2200145Ia 4500 | ||
|---|---|---|---|
| 008 | 230312s9999||||xx |||||||||||||| ||und|| | ||
| 020 | _a81-775-8170-6 | ||
| 082 |
_a670.42 _bKAL-M |
||
| 100 | _aKalpakjian;Serope | ||
| 245 | 0 | _aManufacturing Engineering and Technology | |
| 260 |
_bPearson _aIndia _c2016 |
||
| 300 | _a1109 | ||
| 650 |
_aEngineering _vMechanics |
||
| 942 | _cBK | ||
| 999 |
_c12198 _d12198 |
||